[Event "Motor City op"]
[Site "Warren"]
[Date "2002.11.30"]
[Round "5"]
[White "Haidukewych, Dan"]
[Black "Mazuchowski, Tom"]
[Result "1/2-1/2"]
[WhiteElo "1663"]
[BlackElo "2000"]
[PlyCount "68"]
[EventDate "2002.11.29"]
[EventType "swiss"]
[EventRounds "7"]
[EventCountry "USA"]
[SourceTitle "EXT 2009"]
[Source "ChessBase"]
[SourceDate "2008.11.26"]
[SourceVersion "1"]
[SourceVersionDate "2008.11.26"]
[SourceQuality "1"]

1. Nf3 Nf6 2. g3 g6 3. Bg2 Bg7 4. 0-0 0-0 5. Re1 d6 6. e4 c5 7. d3 Nc6 8. c3 Bg4 9. Nbd2 Qc8 10. Qc2 Rb8 11. b3 b5 12. Bb2 Bh3 13. a4 Bxg2 14. Kxg2 a6 15. axb5 axb5 16. Ra2 Qb7 17. Rea1 Ra8 18. Qb1 Nd7 19. Rxa8 Rxa8 20. Rxa8+ Qxa8 21. Qa1 Qxa1 22. Bxa1 b4 23. Nb1 bxc3 24. Bxc3 Bxc3 25. Nxc3 Nb4 26. d4 cxd4 27. Nxd4 Kf8 28. f3 Nc5 29. Na4 Nb7 30. Kf1 Na5 31. Ke2 e5 32. Nb5 Nxb3 33. Nxd6 Nd4+ 34. Kf2 Ke7 1/2-1/2